[Event "Eq:au plaisir du jeux -Vikings :"]
[Site "www.echecsemail.com"]
[Date "2026.01.29"]
[Round "1"]
[White "Kaelstrum"]
[Black "Tolia59"]
[WhiteElo "1630"]
[BlackElo "2110"]
[Result "0-1"]
1.e4 c5
2.Ng1f3 d6
3.d4 cxd4
4.Nf3xd4 Ng8f6
5.Nb1c3 g6
6.f3 Bf8g7
7.Bc1e3 O-O
8.Qd1d2 Nb8c6
9.Bf1c4 Bc8d7
10.Be3h6 Bg7xh6
11.Qd2xh6 Nc6xd4
{ abandon }0-1

[Event "Coupe Niveau 2"]
[Site "www.echecsemail.com"]
[Date "2026.01.29"]
[Round "1"]
[White "Tartu"]
[Black "Legrillon"]
[WhiteElo "1720"]
[BlackElo "1750"]
[Result "1/2-1/2"]
1.e4 e5
2.Ng1f3 d6
3.d4 Bc8g4
4.dxe5 Bg4xf3
5.Qd1xf3 dxe5
6.Bf1c4 Ng8f6
7.Bc1g5 Bf8e7
8.O-O h6
9.Bg5xf6 Be7xf6
10.Nb1c3 c6
11.Ra1d1 Qd8e7
12.Rf1e1 O-O
13.h3 b5
14.Bc4b3 a5
15.a3 b4
16.axb4 axb4
17.Nc3e2 Nb8d7
18.c3 Nd7c5
19.Bb3c4 bxc3
20.bxc3 Ra8a4
21.Bc4d3 Bf6g5
22.Bd3c2 Ra4a2
23.Bc2d3 Bg5d2
24.Re1f1 Rf8d8
25.Bd3c4 Ra2b2
26.Ne2g3 Bd2f4
27.Ng3f5 Qe7e8
28.Rd1xd8 Qe8xd8
29.Rf1d1 Rb2d2
30.Rd1xd2 Qd8xd2
31.Nf5e7 Kf8
32.Ne7xc6 Qd2e1
33.Bc4f1 Nc5xe4
34.c4 Ne4d2
35.Qf3e2 Qe1c1
36.g3 Bf4g5
37.Kg2 e4
38.h4 Bg5f6
39.Nc6b4 Bf6e7
40.Nb4c6 Be7c5
41.Nc6e5 Bc5d4
42.Ne5c6 Bd4c5
43.Nc6e5 e3
44.Ne5d3 Qc1xc4
45.Nd3xc5 Qc4xc5
46.fxe3 Nd2xf1
47.Kxf1 Qc5f5
48.Qe2f2 { nul }1/2-1/2

[Event "Tournoi n27414"]
[Site "www.echecsemail.com"]
[Date "2026.01.29"]
[Round "1"]
[White "Jlr"]
[Black "Turbo"]
[WhiteElo "1410"]
[BlackElo "1350"]
[Result "0-1"]
1.e4 e5
2.Ng1f3 Nb8c6
3.Bf1c4 h6
4.Nb1c3 a6
5.Nc3d5 Nc6a5
6.Bc4d3 b5
7.c3 Na5c4
8.a4 Bf8c5
9.axb5 Nc4d6
10.Nf3xe5 c6
11.Nd5f4 Qd8f6
12.Ne5xf7 Nd6xf7
13.Qd1g4 d6
14.g3 Bc8xg4
15.h3 Bg4f3
16.Rh1h2 Ng8e7
17.b4 Bc5a7
18.Ra1xa6 O-O
19.bxc6 Ba7xf2
20.Rh2xf2 Ra8xa6
21.Nf4h5 Qf6e6
22.Rf2xf3 Ra6a1
23.Kd1 Qe6xh3
24.Kc2 Qh3xh5
25.Bd3e2 Qh5h1
26.c7 Qh1xc1
27.Kd3 Nf7e5
28.Ke3 Rf8xf3
29.Be2xf3 Ne5xf3
30.Kxf3 Qc1xd2
31.b5 Ra1f1
32.Kg4 Qd2g5
33.Kh3 Rf1g1
34.Kh2 Qg5xg3
0-1

[Event "Tournoi n27414"]
[Site "www.echecsemail.com"]
[Date "2026.01.29"]
[Round "1"]
[White "Jlr"]
[Black "Katastrofic"]
[WhiteElo "1410"]
[BlackElo "1370"]
[Result "0-1"]
1.e4 c5
2.Bf1c4 e6
3.Nb1c3 d6
4.Qd1f3 Bf8e7
5.Bc4b5 Bc8d7
6.e5 d5
7.a4 a6
8.Bb5xd7 Nb8xd7
9.Qf3g3 d4
10.Nc3e4 g6
11.d3 Be7f8
12.Bc1g5 Bf8e7
13.Ne4d6 Kf8
14.Nd6xb7 Qd8b8
15.Bg5xe7 Kxe7
16.Qg3g5 f6
17.exf6 Ng8xf6
18.Qg5xc5 Nd7xc5
19.b4 Qb8xb7
20.f3 Qb7xb4
21.Kf2 Qb4d2
22.Kg3 Qd2xc2
23.Ng1h3 Qc2xd3
24.Nh3f4 Nf6h5
25.Kg4 Qd3f5
26.Kh4 Qf5xf4
27.g4 Nh5f6
28.h3 g5
0-1

[Event "Coupe Niveau 6"]
[Site "www.echecsemail.com"]
[Date "2026.01.29"]
[Round "1"]
[White "Verson"]
[Black "Orosco"]
[WhiteElo "1810"]
[BlackElo "2220"]
[Result "1/2-1/2"]
1.d4 Ng8f6
2.Ng1f3 d5
3.e3 c5
4.c3 e6
5.Bf1d3 Bf8e7
6.Nb1d2 Nb8c6
7.O-O O-O
8.dxc5 Be7xc5
9.e4 Qd8c7
10.Qd1e2 Bc5d6
11.Rf1e1 Nc6e5
12.Nf3xe5 Bd6xe5
13.Nd2f3 dxe4
14.Nf3xe5 Qc7xe5
15.Bd3xe4 Qe5xe4
16.Qe2xe4 Nf6xe4
17.Re1xe4 Rf8d8
18.Bc1e3 b6
19.Re4d4 Rd8xd4
20.Be3xd4 f6
21.Bd4e3 e5
22.b3 Bc8f5
23.Ra1d1 Ra8c8
24.c4 Kf7
25.f3 Ke6
26.g3 g5
27.Kf2 h5
28.Rd1d2 g4
29.Ke2 Bf5g6
30.fxg4 hxg4
31.Kf2 Bg6e4
32.Kg1 Rc8c7
33.Rd2d8 Kf5
34.Kf2 Rc7h7
35.Kg1 Be4f3
36.b4 Ke4
37.Be3f2 Bf3e2
38.c5 bxc5
39.Bf2xc5 Be2b5
40.Kg2 f5
41.Rd8b8 Bb5c6
42.Rb8c8 Bc6d5
43.a3 f4
44.gxf4 exf4
45.Rc8e8 Kf5
46.Kg1 g3
47.hxg3 fxg3
48.Kf1 g2
49.Kf2 Rh7h1
50.Ke2 a6
51.Re8d8 Ke5
52.Rd8e8 Bd5e6
53.Re8a8 Be6d5
54.Ra8e8 Bd5e6
55.Re8a8 Be6d5
56.Ra8e8 Bd5e6
57.Re8a8 1/2-1/2

[Event "Tetraktus 103"]
[Site "www.echecsemail.com"]
[Date "2026.01.29"]
[Round "1"]
[White "Connecticcut"]
[Black "Pgo"]
[WhiteElo "1910"]
[BlackElo "1740"]
[Result "1-0"]
1.e4 e5
2.Ng1f3 Nb8c6
3.d4 exd4
4.Nf3xd4 Nc6xd4
5.Qd1xd4 c5
6.Qd4c3 b6
7.Bf1c4 f6
8.Bc4xg8 Rh8xg8
9.O-O Bf8d6
10.Nb1d2 Bc8b7
11.f3 Bd6e5
12.Qc3e3 d5
13.Qe3e2 dxe4
14.Nd2xe4 Kf7
15.c3 Bb7xe4
16.Qe2xe4 Rg8e8
17.Qe4h4 h6
18.Bc1f4 g5
19.Qh4h5 Kg7
20.Bf4xe5 Re8xe5
21.f4 gxf4
22.Qh5g4 Re5g5
23.Qg4xf4 a5
24.Ra1d1 Qd8c8
25.Qf4xf6 Kg8
26.Qf6xh6 Rg5g7
27.Rd1d6 Qc8g4
28.Qh6e6 Qg4xe6
29.Rd6xe6 Ra8b8
30.Rf1f6 a4
31.Re6xb6 Rb8c8
32.Rb6a6 Rc8b8
33.Rf6f2 Rg7b7
34.Ra6xa4 Rb7xb2
35.Rf2xb2 Rb8xb2
36.c4 Kf7
37.Ra4a5 Rb2b1
38.Kf2 Rb1b2
39.Kf3 Ke6
40.Ra5xc5 Rb2xa2
41.h4 Ra2a3
42.Kf4 Kd6
43.Rc5b5 Ra3c3
44.c5 Kc6
45.Rb5b8 Kc7
46.Rb8b5 Rc3c4
47.Kg5 Kc6
48.Rb5a5 Kd5
49.g4 Ke6
50.h5 Rc4b4
51.h6 Rb4b7
52.Ra5a6 Kd5
53.c6 Rb7c7
54.Kf6 Kc5
55.g5 Kb5
56.Ra6a8 Rc7xc6
57.Kg7 Kb6
58.Ra8f8 Rc6c7
59.Rf8f7 Rc7c5
60.g6 Rc5c6
61.h7 { abandon }1-0

[Event "Défi( 10J+24H/c 10J Max )"]
[Site "www.echecsemail.com"]
[Date "2026.01.29"]
[Round "1"]
[White "Tunnellavage"]
[Black "Blackbishop"]
[WhiteElo "1730"]
[BlackElo "1840"]
[Result "1-0"]
1.e4 e5
2.Ng1f3 Nb8c6
3.Bf1c4 Ng8f6
4.d3 d6
5.h3 Bf8e7
6.Nb1c3 O-O
7.a3 a6
8.O-O Bc8d7
9.Bc1g5 Qd8c8
10.Kh2 h6
11.Bg5xf6 Be7xf6
12.Nc3d5 Qc8d8
13.c3 Rf8e8
14.Nf3e1 Bf6g5
15.Ne1c2 Bd7e6
16.Nc2e3 Nc6e7
17.f4 exf4
18.Nd5xf4 Bg5xf4
19.Rf1xf4 d5
20.exd5 Be6xd5
21.Rf4d4 c6
22.Bc4b3 Qd8d6
23.Kh1 Qd6d7
24.Kg1 Qd7e6
25.Ne3xd5 cxd5
26.Qd1d2 Ra8d8
27.Ra1e1 Qe6f6
28.Bb3xd5 Ne7xd5
29.Re1xe8 Rd8xe8
30.Rd4xd5 Qf6e6
31.Rd5d4 Qe6e1
32.Qd2xe1 Re8xe1
33.Kh2 Re1e7
34.Rd4e4 Kf8
35.Kg3 Re7c7
36.d4 b5
37.d5 g6
38.d6 Rc7d7
39.Re4d4 f5
40.b3 Kf7
41.c4 bxc4
42.bxc4 Ke6
43.c5 Rd7b7
44.c6 Rb7b6
45.d7 { abandon }1-0

[Event "Tournoi n27364"]
[Site "www.echecsemail.com"]
[Date "2026.01.29"]
[Round "1"]
[White "Mojo"]
[Black "Desaintfegor"]
[WhiteElo "2020"]
[BlackElo "1820"]
[Result "0-1"]
1.e4 e5
2.Ng1f3 Nb8c6
3.Nb1c3 d6
4.h3 Ng8f6
5.d3 Bc8e6
6.a3 Bf8e7
7.d4 exd4
8.Nf3xd4 O-O
9.Nd4xc6 bxc6
10.Bf1e2 d5
11.e5 Nf6d7
12.Bc1f4 f6
13.Be2g4 f5
14.Bg4f3 g6
15.O-O Be7g5
16.Bf4g3 f4
17.Bg3h2 Nd7xe5
18.Rf1e1 Qd8d6
19.h4 Bg5xh4
20.Bh2xf4 Rf8xf4
21.Bf3e2 Bh4xf2
22.Kf1 Bf2xe1
23.Kxe1 Rf4h4
24.b4 Rh4h1
25.Be2f1 Ra8f8
26.Nc3e2 Rf8xf1
{ abandon }0-1

[Event "Memorial Lara CIII"]
[Site "www.echecsemail.com"]
[Date "2026.01.29"]
[Round "1"]
[White "Rvsinovitch"]
[Black "Connecticcut"]
[WhiteElo "2030"]
[BlackElo "1860"]
[Result "1-0"]
1.e4 e5
2.Ng1f3 Nb8c6
3.Bf1b5 Qd8f6
4.O-O Bf8c5
5.c3 h6
6.d3 Ng8e7
7.Bc1e3 Bc5b6
8.Nb1d2 O-O
9.Nd2c4 d5
10.Nc4xb6 axb6
11.exd5 Ne7xd5
12.Be3d2 Nd5f4
13.Bd2xf4 Qf6xf4
14.Qd1d2 Qf4xd2
15.Nf3xd2 Nc6e7
16.Bb5c4 Ne7g6
17.a3 c6
18.Ra1d1 b5
19.Bc4a2 Bc8f5
20.Ba2b1 Ra8d8
21.Nd2e4 Bf5xe4
22.dxe4 Ng6f4
23.g3 Nf4h3
24.Kg2 Nh3g5
25.h4 Ng5e6
26.Bb1c2 h5
27.Bc2b3 Ne6c5
28.Bb3c2 g6
29.Kf3 f6
30.Ke3 Kf7
31.Rd1xd8 Rf8xd8
32.Rf1d1 Rd8xd1
33.Bc2xd1 Ke6
34.f3 Kd6
35.g4 hxg4
36.fxg4 Nc5e6
37.h5 gxh5
38.gxh5 Ke7
39.Bd1g4 Ne6d8
40.h6 Kf8
41.Bg4f5 Kg8
42.Kf3 Kh8
43.Kg4 b6
44.Kh5 c5
45.Kg6 b4
46.axb4 cxb4
47.cxb4 Nd8c6
48.b5 Nc6d4
49.Kxf6 Nd4xb5
50.Kxe5 Nb5c7
51.Kd6 Nc7a6
52.Kc6 Na6b4
53.Kxb6 Nb4d3
54.b3 Nd3e5
55.b4 Ne5f7
56.h7 Nf7e5
57.b5 Kg7
58.Kc7 { abandon }1-0

[Event "Coupe Niveau 7"]
[Site "www.echecsemail.com"]
[Date "2026.01.29"]
[Round "1"]
[White "Jmarcboury"]
[Black "Orosco"]
[WhiteElo "2250"]
[BlackElo "2200"]
[Result "1/2-1/2"]
1.d4 Ng8f6
2.c4 g6
3.Nb1c3 Bf8g7
4.Ng1f3 d5
5.cxd5 Nf6xd5
6.e4 Nd5xc3
7.bxc3 c5
8.Bc1e3 Nb8c6
9.Qd1d2 cxd4
10.cxd4 Bc8g4
11.e5 Bg4xf3
12.gxf3 e6
13.Bf1g2 Qd8d7
14.f4 Nc6e7
15.O-O O-O
16.Rf1b1 Ra8b8
17.Qd2a5 b6
18.Qa5b5 Qd7xb5
19.Rb1xb5 Rf8d8
20.Ra1c1 Bg7f8
21.a4 Ne7f5
22.d5 Nf5xe3
23.fxe3 Bf8c5
24.Kf2 exd5
25.Ke2 Rb8c8
26.Rc1d1 d4
27.Bg2b7 Rc8b8
28.exd4 Rd8xd4
29.Rd1xd4 Bc5xd4
30.Bb7e4 Bd4g1
31.h3 Bg1c5
32.Rb5b3 Kf8
33.Rb3d3 Ke7
34.Be4c6 Rb8c8
35.Bc6d7 Rc8c7
36.Bd7b5 a5
37.Kf3 Bc5b4
38.Ke4 Rc7c1
39.Rd3d7 Kf8
40.Rd7d8 Kg7
41.Rd8b8 Rc1e1
42.Kf3 Bb4c5
43.Rb8b7 Re1e3
44.Kg2 g5
45.Bb5c4 gxf4
46.Rb7xf7 Kh6
47.Rf7xf4 Re3xe5
48.Rf4h4 Kg7
49.Rh4g4 Kf6
50.Rg4f4 Kg5
51.Rf4g4 Kh5
52.Bc4f7 Kh6
53.Bf7c4 Re5e3
54.Rg4h4 Kg6
55.Rh4g4 Kf6
56.Rg4f4 Ke5
57.Rf4h4 Re3c3
58.Bc4b5 Rc3c2
59.Kf3 Rc2f2
60.Kg3 Rf2f7
61.Rh4h5 Kd4
62.Rh5h4 Kc3
63.Rh4c4 Kb2
64.Rc4e4 Rf7f5
65.Re4e2 Ka3
66.Kg4 Rf5d5
67.Kf3 Rd5f5
68.Kg4 Rf5d5
69.Kf3 h5
70.Re2e4 Rd5f5
71.Re4f4 Rf5e5
72.Rf4e4 Re5f5
73.Re4f4 Rf5e5
74.Rf4e4 { nul }1/2-1/2

[Event "Tournoi n27385"]
[Site "www.echecsemail.com"]
[Date "2026.01.29"]
[Round "1"]
[White "Buzz84"]
[Black "Jlr"]
[WhiteElo "1440"]
[BlackElo "1380"]
[Result "0-1"]
1.d4 d5
2.Nb1c3 Nb8c6
3.Ng1f3 h6
4.Bc1f4 g5
5.Bf4g3 Bf8g7
6.e3 Bc8g4
7.Bf1e2 Ng8f6
8.Nf3e5 Bg4xe2
9.Nc3xe2 Nf6e4
10.O-O Ne4xg3
11.Ne2xg3 Nc6xe5
12.c3 Ne5g6
13.Qd1a4 c6
14.c4 e6
15.Ra1d1 O-O
16.f4 gxf4
17.Ng3h5 Bg7h8
18.exf4 Ng6h4
19.Qa4c2 c5
20.Qc2d2 Bh8xd4
21.Kh1 Nh4f5
22.Qd2e2 Kh7
23.a3 dxc4
24.Qe2xc4 Nf5e3
25.Qc4d3 f5
26.Rf1f3 Ne3xd1
27.Qd3xd1 Qd8h4
28.Nh5g3 Rf8g8
29.Ng3f1 Qh4g4
30.g3 e5
31.Qd1d3 e4
32.Qd3b3 exf3
33.Qb3f7 Rg8g7
{ abandon }0-1

[Event "Coupe Niveau 6"]
[Site "www.echecsemail.com"]
[Date "2026.01.29"]
[Round "1"]
[White "Alain64"]
[Black "Jmarcboury"]
[WhiteElo "2090"]
[BlackElo "2250"]
[Result "0-1"]
1.f4 c5
2.e3 d5
3.Ng1f3 Ng8f6
4.b3 g6
5.Bc1b2 Bf8g7
6.Bf1b5 Bc8d7
7.a4 O-O
8.O-O a6
9.Bb5xd7 Qd8xd7
10.Qd1e2 Nb8c6
11.d4 cxd4
12.exd4 Qd7g4
13.g3 Nf6e4
14.Nb1d2 f5
15.Ra1e1 e6
16.Nd2xe4 dxe4
17.Nf3e5 Qg4xe2
18.Re1xe2 Rf8d8
19.Ne5xc6 bxc6
20.c3 Rd8b8
21.b4 a5
22.Bb2a3 axb4
23.Ba3xb4 Ra8xa4
24.Bb4c5 Bg7f8
25.Bc5xf8 Kxf8
26.Rf1c1 Ke7
27.Kf2 Kd6
28.c4 Rb8b3
29.Ke1 h5
30.d5 exd5
31.cxd5 cxd5
32.Re2c2 Rb3b6
33.Rc2c8 d4
34.Rc8g8 Kd5
35.Rg8e8 d3
36.Re8e5 Kd4
37.Kd1 e3
{ abandon }0-1

[Event "Défi( 10J+24H/c 10J Max )"]
[Site "www.echecsemail.com"]
[Date "2026.01.29"]
[Round "1"]
[White "Snarf"]
[Black "Tunnellavage"]
[WhiteElo "1740"]
[BlackElo "1740"]
[Result "1-0"]
1.e4 e5
2.Ng1f3 Nb8c6
3.Bf1b5 Ng8f6
4.d3 d6
5.Bc1g5 h6
6.Bg5h4 Bf8e7
7.O-O O-O
8.h3 Kh7
9.Nb1d2 Bc8d7
10.Nf3h2 g5
11.Bh4g3 Nc6d4
12.Bb5c4 b5
13.Bc4b3 a5
14.a3 a4
15.Bb3a2 Nd4e6
16.Qd1f3 Ne6f4
17.Bg3xf4 gxf4
18.Nd2b1 c6
19.Nb1c3 Bd7e6
20.Rf1d1 Rf8g8
21.Kf1 Rg8g5
22.d4 Qd8g8
23.Ba2xe6 fxe6
24.dxe5 dxe5
25.Rd1d2 Be7c5
26.Ra1d1 Bc5d4
27.Rd2d3 Qg8g6
28.Rd1e1 Ra8g8
29.Ke2 h5
30.Re1g1 Qg6g7
31.Kf1 Rg5g3
32.fxg3 Bd4xg1
33.Kxg1 fxg3
34.Nh2f1 h4
35.Rd3d6 { abandon }1-0

[Event "Défi"]
[Site "www.echecsemail.com"]
[Date "2026.01.29"]
[Round "1"]
[White "Den"]
[Black "Arno"]
[WhiteElo "1890"]
[BlackElo "1770"]
[Result "1-0"]
1.f4 Nb8c6
2.Ng1f3 d5
3.d4 Bc8g4
4.e3 Ng8f6
5.c3 e6
6.Bf1d3 Nf6e4
7.O-O Bf8e7
8.Nb1d2 Ne4xd2
9.Bc1xd2 O-O
10.Qd1c2 h6
11.Nf3e5 Nc6xe5
12.fxe5 c5
13.Bd2c1 c4
14.Bd3e2 Bg4xe2
15.Qc2xe2 b5
16.e4 b4
17.exd5 Qd8xd5
18.Qe2g4 Kh8
19.Rf1f3 f5
20.Qg4g6 Qd5e4
21.Bc1xh6 Rf8g8
22.Rf3h3 Be7h4
23.Bh6g5 { abandon }1-0

[Event "Eq:Les Rois du Succes-Pirates du Mat :"]
[Site "www.echecsemail.com"]
[Date "2026.01.29"]
[Round "1"]
[White "Oscar"]
[Black "Degun"]
[WhiteElo "1940"]
[BlackElo "1970"]
[Result "1-0"]
1.d4 d5
2.Ng1f3 g6
3.e3 Bc8g4
4.Bf1e2 Bf8g7
5.O-O Ng8f6
6.Nb1c3 O-O
7.h3 Bg4d7
8.b3 Nf6e4
9.Bc1b2 a6
10.Nc3xe4 dxe4
11.Nf3d2 f5
12.f3 exf3
13.Be2xf3 c6
14.c4 b5
15.Ra1b1 Qd8c7
16.Qd1e1 f4
17.exf4 Rf8xf4
18.d5 bxc4
19.Bb2xg7 Kxg7
20.Nd2xc4 cxd5
21.Bf3xd5 Nb8c6
22.Bd5xc6 Rf4xf1
23.Kxf1 Bd7xc6
24.Qe1c3 Kg8
25.Kg1 Ra8c8
26.Nc4e3 Qc7b6
27.Qc3e5 Qb6b7
28.Qe5g3 a5
29.Ne3c4 a4
30.Rb1f1 axb3
31.axb3 Bc6d5
32.Rf1c1 e6
33.Kh2 Rc8b8
34.Nc4e3 Qb7xb3
35.Ne3xd5 exd5
36.Rc1c8 Rb8xc8
37.Qg3xb3 { abandon }1-0

[Event "Tournoi échelle champions"]
[Site "www.echecsemail.com"]
[Date "2026.01.29"]
[Round "1"]
[White "Elghribi"]
[Black "Verson"]
[WhiteElo "1910"]
[BlackElo "1850"]
[Result "0-1"]
1.e4 e6
2.d4 d5
3.e5 c5
4.c3 Nb8c6
5.Bf1b5 Bc8d7
6.Bb5xc6 Bd7xc6
7.Ng1f3 Qd8b6
8.O-O cxd4
9.cxd4 Ng8e7
10.Nb1c3 Ne7f5
11.a3 Bf8e7
12.b4 O-O
13.Bc1b2 Ra8c8
14.Ra1c1 Bc6b5
15.Nc3xb5 Qb6xb5
16.Qd1d2 Qb5d7
17.Rc1xc8 Rf8xc8
18.Rf1c1 Rc8c4
19.Rc1xc4 dxc4
20.Qd2c3 b5
21.Nf3d2 Be7d8
22.Nd2e4 Bd8b6
23.Ne4d6 Nf5xd6
24.exd6 Qd7xd6
25.g3 Qd6d5
26.Qc3e3 a5
27.Bb2c3 axb4
28.axb4 f6
29.f4 e5
{ abandon }0-1

[Event "Eq:Royal Kids-La Diagonale du Fou :"]
[Site "www.echecsemail.com"]
[Date "2026.01.29"]
[Round "1"]
[White "Skalfa"]
[Black "Foxie519"]
[WhiteElo "1830"]
[BlackElo "1710"]
[Result "0-1"]
1.e4 e6
2.d4 d6
3.Ng1f3 h6
4.Bf1e2 g6
5.O-O Bf8g7
6.e5 d5
7.b4 Ng8e7
8.a4 O-O
9.Nb1d2 Kh7
10.h3 Ne7g8
11.Nd2b3 b6
12.a5 a6
13.axb6 cxb6
14.c4 Bc8b7
15.c5 Nb8c6
16.Qd1d2 b5
17.Qd2c3 f5
18.exf6 Bg7xf6
19.Rf1e1 Bf6g7
20.Nb3a5 Qd8c7
21.Na5xc6 Bb7xc6
22.h4 Ng8f6
23.Nf3e5 Nf6e4
24.Qc3h3 Bg7xe5
25.dxe5 Qc7xe5
26.g4 Rf8xf2
27.Bc1e3 Rf2f7
28.Be2d3 d4
29.Bd3xe4 Bc6xe4
30.Be3f2 Qe5d5
31.Ra1d1 e5
32.Rd1d2 Ra8d8
33.Re1a1 Qd5c6
34.Rd2a2 Rd8a8
35.g5 h5
36.Qh3h2 Rf7e7
37.Bf2g3 Be4d5
38.Ra2f2 Ra8e8
39.Ra1e1 e4
40.Bg3d6 Re7e6
41.Rf2f7 Kg8
42.Re1f1 Qc6c8
43.Qh2b2 Re6xd6
44.cxd6 Bd5xf7
45.Qb2xd4 Qc8d7
46.Rf1f4 e3
47.Kf1 Qd7h3
48.Ke2 Bf7c4
49.Qd4xc4 bxc4
50.Rf4xc4 Qh3g2
{ abandon }0-1

[Event "Tournoi n27365"]
[Site "www.echecsemail.com"]
[Date "2026.01.29"]
[Round "1"]
[White "Carlsen10"]
[Black "Jyfsk"]
[WhiteElo "1780"]
[BlackElo "1780"]
[Result "1-0"]
1.d4 Ng8f6
2.c4 e6
3.a3 Bf8e7
4.Nb1c3 O-O
5.e3 b6
6.Ng1f3 Bc8b7
7.Bf1d3 Bb7xf3
8.Qd1xf3 Nb8c6
9.O-O Nc6a5
10.b4 Na5c6
11.Bc1b2 a6
12.Nc3e4 Nf6xe4
13.Bd3xe4 Qd8e8
14.Qf3g3 Be7f6
15.Be4c2 d6
16.Bc2e4 Ra8b8
17.Qg3f3 Nc6a7
18.Ra1b1 c6
19.d5 Bf6xb2
20.Rb1xb2 cxd5
21.cxd5 exd5
22.Be4xd5 Qe8e5
23.Rb2c2 Na7b5
24.a4 Nb5c3
25.Bd5c6 d5
26.Rf1c1 Rf8c8
27.Rc2xc3 Rc8c7
28.b5 axb5
29.axb5 f6
30.Bc6xd5 Kf8
31.Rc3xc7 { abandon }1-0

[Event "Défi"]
[Site "www.echecsemail.com"]
[Date "2026.01.29"]
[Round "1"]
[White "Khamis"]
[Black "Rocketman"]
[WhiteElo "1880"]
[BlackElo "2000"]
[Result "0-1"]
1.d4 Ng8f6
2.c4 g6
3.Nb1c3 Bf8g7
4.e4 d6
5.Ng1f3 O-O
6.h3 Nf6d7
7.Bf1e2 Rf8e8
8.O-O c5
9.Bc1e3 cxd4
10.Be3xd4 Nd7e5
11.Ra1c1 Nb8c6
12.Bd4e3 f5
13.Qd1d5 e6
14.Qd5d2 Ne5xf3
15.Be2xf3 Nc6e5
16.Bf3e2 a6
17.Rc1d1 Ne5f7
18.f3 b6
19.Nc3a4 Ra8b8
20.b3 b5
21.cxb5 axb5
22.Na4c3 Bc8a6
23.Be3d4 Bg7h6
24.Qd2b2 Bh6f4
25.Be2d3 Qd8a5
26.Nc3e2 Bf4e5
27.f4 Be5xd4
28.Ne2xd4 Qa5b6
29.Kh1 Rb8c8
30.Rf1e1 fxe4
31.Re1xe4 d5
32.Re4e1 Re8e7
33.Nd4f3 Rc8c7
34.Nf3d4 Nf7d8
35.Nd4f3 Re7f7
36.Qb2d2 Rf7f6
37.Re1f1 b4
38.Bd3xa6 Qb6xa6
39.Qd2d4 Rf6f8
40.Rd1a1 Nd8c6
41.Qd4e3 Qa6c8
42.Ra1c1 Rf8f6
43.Nf3g5 h6
44.Ng5f3 Kh7
45.Rc1c5 Rf6f7
46.Rf1e1 Nc6d8
47.Rc5xc7 Rf7xc7
48.Qe3f2 Rc7c2
49.Re1e2 Rc2c1
50.Re2e1 Qc8c3
51.Kh2 Rc1xe1
52.Qf2xe1 Qc3xe1
53.Nf3xe1 d4
54.Kg3 Kg7
55.Kf3 Kf6
56.Ke4 Nd8c6
57.Ne1c2 g5
58.fxg5 Kxg5
59.Nc2xd4 Nc6xd4
60.Kxd4 Kf4
61.Kc5 e5
62.Kxb4 e4
63.Kc3 Ke3
64.a4 Kf2
65.a5 e3
66.a6 e2
67.a7 e1Q
68.Kc4 Qe1a1
{ abandon }0-1

[Event "Eq:Les Rois du Succes-modesty :"]
[Site "www.echecsemail.com"]
[Date "2026.01.29"]
[Round "1"]
[White "Hogar"]
[Black "Mpatruyo"]
[WhiteElo "2830"]
[BlackElo "2410"]
[Result "1-0"]
1.d4 Ng8f6
2.c4 g6
3.h4 c6
4.Nb1c3 d6
5.e4 Bf8g7
6.Bf1e2 Nb8d7
7.Bc1e3 a6
8.h5 Nf6xh5
9.Be2xh5 gxh5
10.Ng1e2 Nd7f6
11.Ne2f4 Bc8g4
12.f3 Bg4d7
13.e5 dxe5
14.dxe5 Nf6g8
15.Be3d4 Bd7f5
16.Nf4xh5 Bg7f8
17.g4 Bf5g6
18.e6 { abandon }1-0

[Event "Tournoi n27422"]
[Site "www.echecsemail.com"]
[Date "2026.01.29"]
[Round "1"]
[White "Wenoketo"]
[Black "Tiounet"]
[WhiteElo "1700"]
[BlackElo "1570"]
[Result "1-0"]
1.d4 b5
2.Ng1f3 Bc8b7
3.Bc1f4 Ng8f6
4.e3 a6
5.Bf1e2 d6
6.O-O g6
7.h3 Bf8g7
8.c3 O-O
9.Nb1d2 Nb8d7
10.Ra1c1 c5
11.a3 cxd4
12.cxd4 Nd7b6
13.b3 Nb6d5
14.Bf4g3 Ra8c8
15.Rc1xc8 Qd8xc8
16.Qd1c1 Nd5c3
17.Be2d3 Nc3d5
18.Qc1xc8 Rf8xc8
19.Nd2b1 Nd5b6
20.Nf3d2 Nf6d5
21.Bd3e4 Rc8c7
22.f4 Nd5f6
23.Be4xb7 Rc7xb7
24.Rf1c1 Nb6d5
25.Bg3f2 Nf6e8
26.Bf2h4 Nd5xe3
27.Rc1c8 Kf8
28.Nd2f3 Bg7xd4
29.Nf3xd4 e5
30.fxe5 dxe5
31.Nd4c6 f6
32.Bh4xf6 e4
33.Bf6d4 Ne3f5
34.Bd4c5 Kf7
35.Nb1c3 Rb7c7
36.Rc8xc7 Ne8xc7
37.Nc6e5 Ke6
38.Ne5g4 h5
39.Ng4e3 Nf5d6
40.Bc5xd6 Kxd6
41.Nc3xe4 Ke5
42.Ne4f2 Nc7e6
43.Kf1 Ne6d4
44.b4 Nd4b3
45.Ke2 Kd4
46.Ne3d1 Kc4
47.Nd1b2 Kc3
48.Nf2d1 Kc2
49.Kf3 Nb3d4
50.Ke4 Nd4c6
51.Kd5 Nc6e7
52.Ke6 Ne7c6
53.Kf6 Kb3
54.Kxg6 Kxa3
55.Kxh5 Nc6xb4
56.g4 Nb4d5
57.g5 Nd5e7
58.Nb2d3 b4
59.Nd1e3 b3
60.Ne3c4 Ka2
61.Kh6 a5
62.Nc4xa5 b2
63.Nd3xb2 Kxb2
64.h4 Kc3
65.g6 Ne7xg6
66.Kxg6 Kd4
67.h5 Ke5
68.h6 { abandon }1-0

[Event "Tournoi n27422"]
[Site "www.echecsemail.com"]
[Date "2026.01.29"]
[Round "1"]
[White "Wenoketo"]
[Black "Patbe"]
[WhiteElo "1700"]
[BlackElo "1530"]
[Result "1-0"]
1.d4 d5
2.Ng1f3 c5
3.dxc5 Qd8a5
4.Bc1d2 Qa5xc5
5.Nb1c3 Bc8g4
6.e3 Bg4xf3
7.Qd1xf3 Ng8f6
8.Bf1e2 Nb8d7
9.Be2b5 e6
10.O-O Bf8d6
11.Bb5xd7 Nf6xd7
12.a3 Qc5c7
13.Ra1d1 Bd6xh2
14.Kh1 Bh2e5
15.g3 Be5xc3
16.Bd2xc3 O-O
17.Qf3g4 Qc7c6
18.Qg4xg7 1-0

[Event "Défi( 10J+24H/c 10J Max )"]
[Site "www.echecsemail.com"]
[Date "2026.01.29"]
[Round "1"]
[White "Cavalierfou"]
[Black "Sylvia13"]
[WhiteElo "1810"]
[BlackElo "1600"]
[Result "1-0"]
1.e4 e5
2.Ng1f3 Nb8c6
3.Bf1b5 Ng8f6
4.d3 Bf8e7
5.Bb5xc6 bxc6
6.Bc1e3 Be7d6
7.d4 Qd8e7
8.O-O Nf6xe4
9.Qd1d3 Ne4f6
10.Rf1e1 O-O
11.dxe5 Bd6xe5
12.Be3d4 Be5xh2
13.Kxh2 Qe7d6
14.g3 Nf6h5
15.Nb1c3 a5
16.a3 Bc8a6
17.Qd3f5 Qd6h6
18.Kg2 d6
19.Bd4e3 Qh6f6
20.Nf3d4 Qf6g6
21.Qf5xg6 fxg6
22.Nd4xc6 Ba6b7
23.Kh2 Bb7xc6
24.g4 Nh5f6
25.Re1g1 Bc6f3
26.g5 Nf6g4
27.Kg3 Ra8b8
28.b3 h5
29.gxh6 Ng4xe3
30.fxe3 Bf3h5
31.hxg7 Kxg7
32.Kh4 Rf8f2
33.Ra1c1 Rf2f3
34.Nc3d5 c6
35.Nd5e7 c5
36.Ne7d5 Rf3f5
37.e4 Rf5e5
38.Rc1e1 Rb8f8
39.c3 Rf8f2
40.Re1e3 Kh6
41.b4 cxb4
42.cxb4 axb4
43.axb4 Rf2b2
44.Kh3 g5
45.Rg1f1 g4
46.Kg3 Kg5
47.Rf1c1 Bh5f7
48.Nd5f4 Rb2xb4
49.Rc1e1 d5
50.exd5 Rb4xf4
51.Re3xe5 Rf4f5
52.d6 Rf5xe5
53.Re1xe5 Kf6
54.d7 Kxe5
55.d8Q Kf5
56.Qd8d3 Kg5
57.Qd3e3 { abandon }1-0

[Event "Défi"]
[Site "www.echecsemail.com"]
[Date "2026.01.29"]
[Round "1"]
[White "Voyageur"]
[Black "Pgo"]
[WhiteElo "1650"]
[BlackElo "1730"]
[Result "0-1"]
1.d4 d5
2.c4 e6
3.Ng1f3 Bf8b4
4.Bc1d2 Nb8c6
5.Qd1a4 Bb4xd2
6.Nb1xd2 Ng8e7
7.Nf3e5 Bc8d7
8.cxd5 Ne7xd5
9.Ne5xc6 Bd7xc6
10.Qa4b3 O-O
11.O-O-O Ra8b8
12.e3 a6
13.h4 Nd5b6
14.e4 Bc6a4
15.Qb3f3 Ba4xd1
16.Qf3xd1 Qd8xd4
17.f3 Rf8d8
18.Bf1e2 Nb6a4
19.Qd1c2 Qd4e3
20.Rh1e1 Qe3c5
21.Nd2c4 b5
22.Nc4a5 Qc5e3
23.Kb1 Rd8d2
24.Qc2xc7 Rd2xb2
25.Ka1 Qe3b6
26.Qc7xb6 Rb8xb6
27.Na5b3 Rb6d6
28.Nb3c5 Rb2xe2
29.Re1c1 h5
30.Nc5xa4 bxa4
31.Rc1c8 Kh7
32.Rc8c1 Re2xg2
{ abandon }0-1

[Event "Tournoi n27410"]
[Site "www.echecsemail.com"]
[Date "2026.01.29"]
[Round "1"]
[White "Voyageur"]
[Black "Patau"]
[WhiteElo "1650"]
[BlackElo "1700"]
[Result "0-1"]
1.d4 d5
2.c4 e6
3.e3 Ng8f6
4.Ng1f3 c5
5.dxc5 Bf8xc5
6.cxd5 Qd8xd5
7.Bf1b5 Bc8d7
8.Bb5xd7 Nb8xd7
9.O-O O-O
10.Nb1c3 Qd5h5
11.h3 Rf8d8
12.Qd1e2 Nd7e5
13.Nf3xe5 Qh5xe2
14.Nc3xe2 Rd8d5
15.Ne5f3 Nf6e4
16.b3 Ra8d8
17.Bc1b2 Ne4d2
18.Rf1d1 Nd2xf3
19.gxf3 Rd5xd1
20.Ra1xd1 Rd8xd1
21.Kg2 Rd1d2
{ abandon }0-1

[Event "Tournoi n27347"]
[Site "www.echecsemail.com"]
[Date "2026.01.29"]
[Round "1"]
[White "Rvsinovitch"]
[Black "Oranmore"]
[WhiteElo "2020"]
[BlackElo "1870"]
[Result "1-0"]
1.e4 c5
2.g3 Nb8c6
3.Bf1g2 e5
4.Ng1e2 g6
5.O-O Bf8g7
6.c3 b5
7.Nb1a3 a6
8.Na3c2 Bc8b7
9.d4 d6
10.dxc5 dxc5
11.Bc1e3 Qd8xd1
12.Ra1xd1 c4
13.Be3c5 Ng8e7
14.Nc2e3 O-O
15.Bc5xe7 Nc6xe7
16.Rd1d7 Bb7c8
17.Rd7xe7 Bg7f6
18.Re7c7 Rf8d8
19.Rf1d1 Rd8xd1
20.Ne3xd1 Bf6d8
21.Rc7c5 f6
22.Nd1e3 Bc8d7
23.Rc5d5 Bd7e6
24.Rd5d6 Kf7
25.Rd6d1 Bd8a5
26.Ne3d5 Ra8d8
27.Nd5e3 Rd8xd1
28.Ne3xd1 Ba5b6
29.Nd1e3 Bb6xe3
30.fxe3 g5
31.Ne2c1 g4
32.b3 cxb3
33.axb3 Be6c8
34.c4 b4
35.Nc1d3 a5
36.Bg2f1 Ke7
37.c5 Bc8b7
38.Bf1g2 Kd8
39.Kf2 Kc7
40.Ke1 Kc6
41.h3 Bb7c8
42.hxg4 Bc8xg4
43.Kd2 Bg4h5
44.Bg2h3 Bh5f7
45.Kc2 h5
46.Bh3f5 Kc7
47.Nd3b2 Bf7e8
48.Nb2a4 Be8xa4
49.bxa4 Kc6
50.Bf5g6 Kxc5
51.Kb3 Kd6
52.Bg6xh5 { abandon }1-0

[Event "La Diagonale du fou 9"]
[Site "www.echecsemail.com"]
[Date "2026.01.29"]
[Round "1"]
[White "Blackbishop"]
[Black "Gimick"]
[WhiteElo "1830"]
[BlackElo "1540"]
[Result "1-0"]
1.e4 e5
2.Ng1f3 Ng8f6
3.Bf1c4 d5
4.exd5 e4
5.Qd1e2 Bf8e7
6.Nf3g5 O-O
7.O-O Bc8f5
8.d3 exd3
9.cxd3 h6
10.Ng5f3 Nb8d7
11.Rf1e1 Rf8e8
12.Qe2d2 Nd7c5
13.d4 Nc5e4
14.Qd2d1 Nf6xd5
15.Bc4xd5 Qd8xd5
16.Nb1c3 Ne4xc3
17.bxc3 b5
18.Bc1f4 c6
19.Re1e5 Qd5d7
20.Qd1b3 Bf5g4
21.Re5e3 Bg4e6
22.Qb3c2 Be6g4
23.Nf3e5 Qd7c8
24.Ra1e1 Bg4e6
25.Ne5g6 Be6f5
26.Ng6xe7 Re8xe7
27.Qc2e2 Re7xe3
28.Qe2xe3 Qc8d7
29.Qe3g3 g5
30.Bf4e5 Ra8e8
31.f4 Qd7d5
32.fxg5 hxg5
33.Qg3xg5 Kf8
34.Be5g7 Kg8
35.Re1xe8 { abandon }1-0